Statistiche per Ponti famosi per le città - quiz sull'immagine

Clicka qui per fare il quiz!

Statistiche generali

  • Questo quiz è stato fatto 89 volte
  • Il punteggio medio è 9 su 15

Statistiche sulle risposte

Risposta% Corretto
Venezia
98%
Firenze
94%
New York
86%
San Francisco
83%
Londra
81%
Roma
72%
Parigi
67%
Praga
65%
Sydney
65%
Budapest
64%
Singapore
42%
Mostar
25%
Spoleto
13%
Padova
11%
Rotterdam
8%

Distribuzione punteggi

Percentile per numero di risposta

Percentuale di utenti per punteggio

I tuoi punteggi nel tempo

Non hai fatto questo quiz